000 00780nam a22002297a 4500
005 20250415112536.0
008 250415b |||||||| |||| 00| 0 eng d
020 _a81-7770-111-8 (hbk)
037 _cTB
040 _aAL
_cAL
041 _2pun
_apun
084 _aQ8441:21 P4
_qAL
245 _aStudies on Guru Granth Sahib
260 _aAmritsar, India:
_bGuru Nanak Dev University,
_c2004.
300 _a222p.
365 _b350.00
_cINR
650 _aਧਰਮ
650 _aਸਿੱਖ ਧਰਮ
_9156314
700 _aਢਿੱਲੋਂ, ਬਲਵੰਤ ਸਿੰਘ (ਸਪਾਦਕ)
_9623870
942 _2CC
_cTB
_hQ8441:21 P4
_n0
999 _c1308988
_d1308988